| 000 | 00491nam a22001697a 4500 | ||
|---|---|---|---|
| 003 | SGT | ||
| 020 | _a9781403923417 | ||
| 082 | _a530.12,GHA | ||
| 100 | _aGHATAK,AJOY | ||
| 245 | _aQUANTUM MECHANICS THEORY AND APPLICATIONS | ||
| 250 | _a5TH | ||
| 260 |
_aNEW DELHI _bMACMILAN _c2013 |
||
| 300 | _a762 | ||
| 650 | _aQUANTUM MECHANICS | ||
| 653 | _aMATHEMATICAL PRELIMINARIES,BASIC QUANTUM MECHANICS,LINEAR HARMONIC OSCILLATOR,ANGULAR MOMENTUM,EFFECTS OF MAGNETIC FIELD | ||
| 942 |
_2ddc _cFPS |
||
| 999 |
_c9345 _d9345 |
||